000 00610nam a22001937a 4500
003 DO-CoUTE
005 20260525131501.0
008 260525b dr ||||| |||| 00| 0 spa d
040 _aDO-CoUTE
_bspa
_cDO-CoUTE
082 _a863.1D278a
100 1 _aDe los santos Garcia, Eladio
_eAutor
245 1 0 _aAlucinaciones /
_cEladio De los Santos Garcia
260 _aRepublica Dominicana ;
_bEditorial Perla,
_c2006
300 _a129 Paginas :
_c12cm,
504 _aIncluye referencia bibliográfica e índice.
650 4 _aCuentos
700 1 _aEladio De los Santos Garcia
_eAutor
942 _2ddc
_cBK
999 _c24229
_d24229